|
|
|
|
| LEADER |
00939nam a2200265 a 4500 |
| 001 |
729708 |
| 008 |
110705r20001999inua 001 0 eng |
| 010 |
|
|
|a 98086968
|
| 020 |
|
|
|a 8120315383
|
| 020 |
|
|
|a 0789718081 (pbk.)
|
| 040 |
|
|
|a DLC
|c DLC
|d DLC
|d BD-DhAAL
|
| 042 |
|
|
|a pcc
|
| 082 |
0 |
0 |
|a 005.75/65
|2 21
|
| 245 |
0 |
0 |
|a Using Visual FoxPro 6 /
|c Menachem Bazian ... [et al.].
|
| 246 |
3 |
0 |
|a Visual FoxPro 6
|
| 250 |
|
|
|a Special ed.
|
| 260 |
|
|
|a Indianapolis, IN :
|b Que ;
|a New Delhi :
|b Prentice-Hall of India,
|c c1999 [Reprinted 2000].
|
| 300 |
|
|
|a xix, 1002 p. :
|b ill. ;
|c 24 cm.
|
| 541 |
|
|
|e 00010592
|
| 630 |
0 |
0 |
|a Visual FoxPro for Windows.
|
| 650 |
|
0 |
|a Database management.
|
| 700 |
1 |
|
|a Bazian, Menachem.
|
| 852 |
1 |
|
|a Ayesha Abed Library
|c General Shelf.
|
| 999 |
|
|
|c 11039
|d 11039
|
| 952 |
|
|
|0 0
|1 0
|2 ddc
|4 0
|6 005_756500000000000_USI
|7 0
|9 17388
|a BRACUL
|b BRACUL
|c GEN
|d 2011-07-05
|l 0
|o 005.7565 USI
|p 3010010592
|r 2011-07-05
|t 1
|w 2011-07-05
|y BK
|